000 00402nam a2200169Ia 4500
001 10367
003 IN-NITTTR
005 20251114233056.0
008 251113s9999||||xx |||||||||||||| ||eng||
040 _beng
040 _cIN-NITTTR
041 _aeng
082 _a342.029 M11C
100 _aMahajan, Vidyadhar
245 0 _aConstitutional history of India /
_cMahajan, Vidyadhar
942 _2ddc
_cBK
999 _c13004
_d13004